Languages of films winning the Academy Award for Foreign Language Film - Statistics

General Stats
  • This quiz has been taken 204 times
    15 since last reset
  • The average score is 16 of 20
Answer Stats
Number of Films Language % Correct
16 French
100%
1 Korean
100%
1 Mandarin
100%
8 Spanish
100%
13 Italian
92%
3 Swedish
92%
2 Farsi
85%
8 German
85%
5 Japanese
85%
1 Norwegian
85%
4 Russian
85%
4 Danish
77%
3 Dutch
77%
1 Polish
77%
2 Portuguese
77%
2 Czech
69%
1 Hungarian
69%
1 Tsotsitaal
54%
1 Slovak
38%
1 Bosnian
31%
No matching quizzes found
Score Distribution
Percent of People with Each Score
Percentile by Number Answered
Your Score History
You have not taken this quiz since the last reset